000 00646nam a2200217 i 4500
001 26428
003 ES-MaACL
005 20240605104730.0
007 t|
008 030109s1973 sp ||||1| cat d
100 1 _aArtís-Gener, Avel.lí.
_923492
245 1 2 _aL'enquesta del canal 4 /
_cAvel-li Artis-Gener ; prolèg de Joan Oliver.
250 _a[1ª ed.].
260 _aBarcelona :
_bPróa,
_c1973.
300 _a263 p. ;
_c17 cm.
490 1 _aA tot vent ;
_v163
700 1 _aOliver, Joan,
_d1899-1986
_986815
830 0 _aA tot vent ;
_v163
_9180884
852 _aES-MaACL
_jC-52619
_bR.85934
999 _c26428
_d26428